000 00264nam a22001217a 4500
008 181218b xxu||||| |||| 00| 0 eng d
041 _aeng
080 _a701
100 _a44
101 _aART
245 _aThe Book of Lementations
_cPodwall,M
942 _2udc
_cBK
999 _c53467
_d53467